| 000 | 00479nam a2200181Ia 4500 | ||
|---|---|---|---|
| 003 | GCL | ||
| 008 | 140319s9999 xx 000 0 eng d | ||
| 040 |
_aGCL / _cGCL |
||
| 082 | 0 | 4 |
_a621.384.8 _bS I |
| 100 | 1 | _aSHOLINK, MERRILL I | |
| 245 | 1 | 0 |
_aINTRODUCTION TO RADAR SYSTEMS / _cSHOLINK, MERRILL I |
| 260 |
_a[S.N] : _bMC GRAW - HILL ، _c1980 |
||
| 300 | _a581 P | ||
| 650 | 0 | 4 | _aELECTRONIC INSTRUMENTS |
| 650 | 0 | 4 | _aAUTOMATIC CONTROL |
| 650 | 0 | 4 | _aRADAR |
| 942 |
_2ddc _cBK |
||
| 999 |
_c19826 _d19826 |
||